Normal view
MARC view
- Manga
Entry Topical Term
001 - CONTROL NUMBER
- control field: 86266
003 - CONTROL NUMBER IDENTIFIER
- control field: OSt
005 - DATE AND TIME OF LATEST TRANSACTION
- control field: 20250428141001.0
008 - FIXED-LENGTH DATA ELEMENTS
- fixed length control field: 250428|| aca||aabn | a|a d
040 ## - CATALOGING SOURCE
- Original cataloging agency: OSt
- Transcribing agency: OSt
150 ## - HEADING--TOPICAL TERM
- Topical term or geographic name as entry element: Manga
670 ## - SOURCE DATA FOUND
- Source citation: Work cat.: (OSt)48879: Vorniere, Yoann 86265, Silence (KHMER):, 2024